Target acquisition in communication electronic warfare systems / (Record no. 183587)

000 -LEADER
fixed length control field 01155 a2200229 4500
003 - CONTROL NUMBER IDENTIFIER
control field Nust
005 - DATE AND TIME OF LATEST TRANSACTION
control field 20221229114741.0
010 ## - LIBRARY OF CONGRESS CONTROL NUMBER
LC control number 2004053830
020 ## - INTERNATIONAL STANDARD BOOK NUMBER
International Standard Book Number 1580539130 (alk. paper)
040 ## - CATALOGING SOURCE
Transcribing agency Nust
082 ## - DEWEY DECIMAL CLASSIFICATION NUMBER
Classification number 623.043,POI
100 1# - MAIN ENTRY--PERSONAL NAME
Personal name Poisel, Richard.
9 (RLIN) 99332
245 10 - TITLE STATEMENT
Title Target acquisition in communication electronic warfare systems /
Statement of responsibility, etc. Richard A. Poisel.
260 ## - PUBLICATION, DISTRIBUTION, ETC.
Place of publication, distribution, etc. Boston :
Name of publisher, distributor, etc. Artech House,
Date of publication, distribution, etc. c2004.
300 ## - PHYSICAL DESCRIPTION
Extent xiii, 354 p. :
Other physical details ill. ;
Dimensions 24 cm.
440 #0 - SERIES STATEMENT/ADDED ENTRY--TITLE
Title Artech House information warfare library
9 (RLIN) 97929
505 ## - FORMATTED CONTENTS NOTE
Formatted contents note Introduction (Page-1), Deterministic and Stochastic Processes (Page-13), Target Search Methods (Page-43), Hypothesis Testing for Signal Detection (Page-51), Target Parameter Estimation (Page-71), Spectrum Estimation (Page-101), Detection of Deterministic Signals (Page-125), Detection of Stochastic Signals (Page-191), High-Resolution Spectrum Estimation (Page-217), Artificial Reasoning for Target Identification (Page-285), Resource Allocation (Page-321).
650 #0 - SUBJECT ADDED ENTRY--TOPICAL TERM
Topical term or geographic name entry element Military telecommunication.
9 (RLIN) 99355
650 #0 - SUBJECT ADDED ENTRY--TOPICAL TERM
Topical term or geographic name entry element Signal detection.
9 (RLIN) 106328
650 #0 - SUBJECT ADDED ENTRY--TOPICAL TERM
Topical term or geographic name entry element Target acquisition.
9 (RLIN) 99334
942 ## - ADDED ENTRY ELEMENTS (KOHA)
Source of classification or shelving scheme
Koha item type Book
Holdings
Withdrawn status Lost status Source of classification or shelving scheme Damaged status Not for loan Permanent Location Current Location Shelving location Date acquired Full call number Barcode Date last seen Price effective from Koha item type Public note
          Military College of Signals (MCS) Military College of Signals (MCS) General Stacks 12/12/2016 623.04309,POI MCS31044 12/08/2016 12/12/2016 Book Almirah No.41, Shelf No.1
© 2023 Central Library, National University of Sciences and Technology. All Rights Reserved.